000 00688nmm a2200217Ia 4500
008 251105s9999||||xx |||||||||||||||||und||
020 _a9788437081373
041 _aspa
100 _aEspinosa Isach, José María
245 0 _aLecciones de derecho romano
264 _a[Madrid, España] :
_bPublicaciones de la Universidad de Valencia (PUV),
_c2011
300 _a268 páginas
490 _aEducació. Laboratori de materials
650 _aLaw
700 _aEspinosa Isach, José María
700 1 _a Gómez Royo, Enrique
700 1 _a Bernad Segarra, Lucía
700 1 _a Buigues Oliver, Gabriel
856 _uhttps://public.digitaliapublishing.com/a/35209
942 _cCF
999 _c65144
_d65144